Shortest Country Alphabet Quiz Stats

Quiz Updated May 10, 2012

Challenge
Share
Tweet
Embed
Score 0/24 Timer 04:00
1 Play Today
Letter Country % Correct
YYemen
90%
OOman
89.4%
QQatar
89.3%
CChad, Cuba
88.1%
NNauru, Nepal, Niger
85.3%
PPeru
84.1%
LLaos
82.9%
ZZambia
82.7%
SSamoa, Spain, Sudan, Syria
81.7%
MMali
80.6%
IIran, Iraq
78.9%
FFiji
78.6%
Letter Country % Correct
JJapan
78.5%
RRussia, Rwanda
77.9%
GGabon, Ghana
75.9%
VVanuatu, Vietnam
74.3%
HHaiti
72.9%
TTogo
71.7%
DDenmark
69.3%
UUganda
68.7%
BBenin
65.3%
EEgypt
62.5%
KKenya
62.4%
AAngola
46.6%

You're not logged in!

Compare scores with friends on all Sporcle quizzes.
Sign Up with Email
OR
Log In

You Might Also Like...

Show Comments

Extras

Top Quizzes Today


Score Distribution

Your Account Isn't Verified!

In order to create a playlist on Sporcle, you need to verify the email address you used during registration. Go to your Sporcle Settings to finish the process.